LDR 00812naa#a2200193#i#450# 001 EN\\bibl\119387 005 20260430131553.4 011 ## _a1994-4683 100 ## _a20260429b2026####ek#y0engy0150####ca 102 ## _aRU 200 1# _aDynamics of sports performance and coordination abilities in a female swimmer with intellectual disability during long-term training in the Special Olympics program _eJournal article 210 1# _aMoscow _cNational State University of Physical Education, Sports and Health named after P.F. Lesgaft _d2026 215 ## _a7 с. 608 ## _aJournal article _2local 675 ## _aСпортивные результаты. 796.015.8 _z 700 #1 _aAshkinazi _gSergey Maksimovich 700 #1 _aSytnik _gGalina Vladimirovna 700 #1 _aPetrunina _gSvetlana Valentinovna 856 4# _auchzapiski.lesgaft.spb.ru _u